[Event "Malmo"]
[Site "Malmo"]
[Date "1993.??.??"]
[Round "1"]
[White "Eriksson, Magnus"]
[Black "Rogers, Ian"]
[Result "0-1"]
[WhiteElo "2365"]
[BlackElo "2575"]

1.Nf3 Nf6 2.c4 c5 3.Nc3 g6 4.d4 cxd4 5.Nxd4 Bg7 6.e4 Nc6 7.Be3 O-O 8.Be2 b6
9.O-O Bb7 10.Qd2 Nxd4 11.Bxd4 e5 12.Bxe5 Nxe4 13.Nxe4 Bxe5 14.Nd6 Bc6 15.Rad1 Qe7
16.Bg4 Bxd6 17.Qxd6 Qe4 18.Bh3 Qxc4 19.b3 Qc2 20.Rd2 Qc3 21.Rd3 Qa5 22.a4 Rad8
23.Ra1 Rfe8 24.Rdd1 Qc3 25.Qg3 Qxg3 26.hxg3 Re4 27.Rac1 Ree8 28.Rd6 Kf8 29.Rcd1 Ke7
30.f3 Rf8 31.g4 f6 32.Kf2 b5 33.a5 Rh8 34.f4 g5 35.f5 Rc8 36.g3 Rc7 37.R1d2 h5
38.Ke3 h4 39.Kf2 Be4 40.Bg2 Bxg2 41.Kxg2 hxg3 42.Kxg3 Rh1 43.R6d5 b4 44.R5d4 Ra1
45.Re4+ Kd8 46.Rxb4 Rxa5 47.Rb8+ Ke7 48.Rh8 Rb7 49.Rh7+ Kd8 50.Kf2 Ra6 51.Rh8+ Kc7
52.Rh7 Rd6 53.Rc2+ Kb6 54.Rh3 a5 55.Rhc3 Rd4 56.Kf3 Ka6 57.Re2 Rf4+ 58.Kg3 Rbb4  0-1

[Event "Manresa op"]
[Site "Manresa"]
[Date "1993.??.??"]
[Round "7"]
[White "Spassov, Liuben"]
[Black "Suba, Mihai"]
[Result "1/2-1/2"]
[WhiteElo "2430"]
[BlackElo "2520"]

1.Nf3 c5 2.c4 Nf6 3.Nc3 e6 4.g3 b6 5.Bg2 Bb7 6.O-O a6 7.d4 cxd4 8.Qxd4 d6
9.Rd1 Nbd7 10.Ng5 Bxg2 11.Kxg2 Rc8 12.Nge4 Rc6 13.b3 Be7 14.Ba3 Qa8 15.Kg1 Nc5
16.Nxc5 bxc5 17.Qf4 O-O 18.Rd2 Qd8 19.Rad1 Qa5 20.Bb2 Qc7 21.e4 Nd7 22.Na4 h6
23.Qg4 Bf6 24.Bxf6 Nxf6 25.Qf4 e5 26.Qf3 Nh7 27.h4 Re8 28.Nc3 Nf8 29.Nd5 Qd8
30.b4 cxb4 31.Nxb4 Rxc4 32.Rxd6 Qc8 33.Nd5 Rc2 34.a4 a5 35.Kg2 Ra2 36.Nb6 Qc2
37.R6d5 Rb2 38.Nd7 Rb4 39.Nxe5  1/2-1/2

[Event "Marostica op"]
[Site "Marostica"]
[Date "1993.??.??"]
[Round "2"]
[White "Sarno, Spartaco"]
[Black "Cordara, Michele"]
[Result "1-0"]
[WhiteElo "2390"]
[BlackElo "2205"]

1.c4 Nf6 2.Nc3 c5 3.Nf3 d5 4.cxd5 Nxd5 5.g3 Nc6 6.Bg2 Nc7 7.O-O e5 8.d3 Be7
9.Nd2 Bd7 10.Nc4 f6 11.f4 b5 12.Ne3 Rc8 13.f5 O-O 14.a4 b4 15.Ne4 Nd4 16.Bd2 Be8
17.Rc1 Bf7 18.Nxc5 Bxc5 19.Rxc5 Bb3 20.Qe1 Na6 21.Bd5+ Bxd5 22.Rxd5 Qb6 23.Qf2 Nc7
24.a5 Qb7 25.Rc5 Nb3 26.Rc2 Nd5 27.Nc4 e4 28.dxe4 Nc3 29.Nd6 Nxe4 30.Rxc8 Qxc8
31.Nxe4 Qc2 32.Bxb4 Re8 33.Nd6 Rxe2 34.Qf3  1-0

[Event "AUS-ch op"]
[Site "Melbourne"]
[Date "1993.??.??"]
[Round "5"]
[White "Kagan, Naum"]
[Black "Sandler, Leonid"]
[Result "1-0"]
[WhiteElo "2335"]
[BlackElo "2315"]

1.Nf3 c5 2.c4 Nf6 3.Nc3 e6 4.g3 b6 5.Bg2 Bb7 6.O-O Be7 7.d4 cxd4 8.Qxd4 d6
9.Rd1 a6 10.b3 Nbd7 11.e4 Qc7 12.Ba3 Nc5 13.e5 dxe5 14.Qxe5 Qc8 15.Na4 Ncd7
16.Qb2 Bxa3 17.Qxa3 b5 18.Nb2 Qc5 19.Qxc5 Nxc5 20.b4 Ncd7 21.a4 bxc4 22.Nxc4 O-O
23.Nd4 Bxg2 24.Kxg2 Nd5 25.Nc6 Nb8 26.N4a5 Nxc6 27.Nxc6 g6 28.Rdc1 Kg7 29.b5 axb5
30.axb5 Kf6 31.h4 h5 32.Rab1 Nb6 33.Rb3 Rfc8 34.Rd1 Rc7 35.Rdb1 Ra2 36.Rd1 Ra8
37.Rd4 Nd5 38.Rc4 Rb7 39.Rc5 Ra4 40.Rf3+ Kg7 41.Rb3 Kf6 42.Nd8 Rd7 43.Rc8 Nb6
44.Rb8 Nc4 45.Nc6 Ne5 46.Nxe5 Kxe5 47.b6 Rdd4 48.Rf8 Rab4 49.Re3+ Kf6 50.Rf3+ Ke5
51.R8xf7 Rxb6 52.Re3+ Kd5 53.Rf6 g5 54.hxg5 h4 55.g6 Rb8 56.Rfxe6 hxg3 57.Kxg3 Rd1
58.Kg2 Rg8 59.R3e5+ Kd4 60.Rg5 Ra1  1-0

[Event "Merida"]
[Site "Merida"]
[Date "1993.??.??"]
[Round "2"]
[White "Sunye Neto, Jaime"]
[Black "Rodriguez, Amador"]
[Result "1/2-1/2"]
[WhiteElo "2545"]
[BlackElo "2480"]

1.c4 Nf6 2.Nc3 c5 3.Nf3 e6 4.d4 cxd4 5.Nxd4 Bb4 6.g3 O-O 7.Bg2 d5 8.Qa4 Na6
9.O-O dxc4 10.Ndb5 Nd5 11.Nxd5 exd5 12.Rd1 Bd7 13.Rxd5 Qe8 14.Bf4 Bc5 15.Rxc5 Nxc5
16.Qxc4 Bxb5 17.Qxc5 Qd7 18.e3 b6 19.Qd6 Rac8 20.Qxd7 Bxd7 21.Be5 Bc6 22.Bxc6 Rxc6
23.Rd1 f6 24.Bc3 Rfc8 25.h4 R8c7 26.Kg2 Kf7 27.Kf3 Ke6 28.g4 Rc4 29.h5 a5
30.Bd4 Rd7 31.Rg1 b5 32.g5 f5 33.g6 h6 34.a3 Rc2 35.Rf1 Rxd4 36.exd4 Rxb2
37.Re1+ Kf6 38.d5 Rd2 39.Re6+ Kg5 40.Re7 Rd3+ 41.Ke2 Rxd5 42.Rxg7 Kxh5 43.Ra7 Kxg6
44.Rxa5 Kf6 45.Ra6+ Kg5 46.a4 bxa4 47.Rxa4 f4 48.Kf3 Rd3+ 49.Kg2 Kg4 50.Ra6 h5
51.Rg6+ Kf5 52.Rh6 Kg4 53.Rg6+ Kh4 54.Rf6 Kg5 55.Rf8 h4 56.Rg8+ Kf5 57.Rf8+ Ke4
58.Re8+ Kd4 59.Rd8+ Kc3 60.Rh8 f3+ 61.Kh3 Rd2  1/2-1/2

[Event "Mlada Boleslav op"]
[Site "Mlada Boleslav"]
[Date "1993.??.??"]
[Round "?"]
[White "Kacheishvili, Giorgi"]
[Black "Smejkal, Jan"]
[Result "1/2-1/2"]
[WhiteElo "2405"]
[BlackElo "2515"]

1.Nf3 Nf6 2.c4 c5 3.Nc3 g6 4.g3 Bg7 5.Bg2 O-O 6.O-O d5 7.cxd5 Nxd5 8.d3 Nc6
9.Nxd5 Qxd5 10.Be3 Bd7 11.d4 cxd4 12.Nxd4 Qc4 13.Nxc6 Bxc6 14.Bxc6 bxc6 15.b3 Qa6
16.Rc1 Qxa2 17.Rxc6 Rfd8 18.Qc2 Qxc2 19.Rxc2 Rdb8 20.Rfc1 Be5 21.Rc5  1/2-1/2

[Event "Muenster op"]
[Site "Muenster"]
[Date "1993.??.??"]
[Round "4"]
[White "Stangl, Markus"]
[Black "Kersten, Uwe"]
[Result "1/2-1/2"]
[WhiteElo "2525"]
[BlackElo "2350"]

1.Nf3 c5 2.c4 Nf6 3.Nc3 b6 4.g3 Bb7 5.Bg2 g6 6.O-O Bg7 7.d4 cxd4 8.Qxd4 d6
9.Qh4 h6 10.Rd1 Nbd7 11.Ne1 Bxg2 12.Nxg2 Rc8 13.b3 a6 14.Bb2 O-O 15.Ne3 Rc5
16.Rac1 b5 17.cxb5 axb5 18.Qb4 Qb8 19.Ba3 Qb7 20.Bb2 Rb8 21.Nb1 Rbc8  1/2-1/2

[Event "Muenster op"]
[Site "Muenster"]
[Date "1993.??.??"]
[Round "6"]
[White "Kalinitschew, Sergey"]
[Black "Kersten, Uwe"]
[Result "1-0"]
[WhiteElo "2480"]
[BlackElo "2350"]

1.Nf3 c5 2.c4 Nf6 3.Nc3 b6 4.d4 cxd4 5.Nxd4 Bb7 6.f3 d6 7.e4 e6 8.Be3 Be7
9.Qd2 O-O 10.O-O-O a6 11.Kb1 Qc7 12.g4 Nc6 13.h4 Nxd4 14.Bxd4 Nd7 15.Be2 Rfc8
16.g5 Bc6 17.h5 Qb7 18.g6 fxg6 19.hxg6 hxg6 20.Rdg1 Nf8 21.Rh8+ Kf7 22.Qf4+ Ke8
23.Bxg7 Kd7 24.Qf7 Re8 25.Bf6  1-0

[Event "Munich op9293"]
[Site "Munich"]
[Date "1993.??.??"]
[Round "4"]
[White "Stangl, Markus"]
[Black "Kabatianski, Alexandr"]
[Result "1-0"]
[WhiteElo "2475"]
[BlackElo "2275"]

1.Nf3 c5 2.c4 Nf6 3.Nc3 e6 4.g3 b6 5.Bg2 Bb7 6.O-O d6 7.b3 a6 8.d4 cxd4 9.Qxd4 Nbd7
10.Rd1 Be7 11.e4 Qb8 12.Ba3 Nc5 13.e5 dxe5 14.Qxe5 Ncd7 15.Qxb8+ Rxb8 16.Bb2 O-O
17.Nd4 Rfc8 18.Rac1 Ne5 19.Rc2 Nc6 20.Nf3 Ba8 21.Ne1 b5 22.Bf1 bxc4 23.Bxc4 a5
24.Rcd2 Nb4 25.Nc2 h6 26.Ne3 Bc5 27.h3 Bxe3 28.fxe3 Nbd5 29.Nxd5 Nxd5 30.Kf2 Bc6
31.Be5 Ra8 32.e4 Nf6 33.Bxf6 gxf6 34.Ke3 a4 35.Rf1 axb3 36.axb3 Rd8 37.Rxd8+ Rxd8
38.Rxf6 Kg7 39.Rf1 Ra8 40.Rb1 Ra2 41.Rd1 Kf6 42.Rd6 Be8 43.Rd8 Bc6 44.Rc8 Ba8
45.Bd3 Ra3 46.b4 Bb7 47.Rc5 Rb3 48.b5 Rb4 49.Rc7 Bxe4 50.Bxe4 Rxb5 51.Rb7 Ra5
52.Bc6 Rf5 53.Bb5 Kg7 54.Bc4 Kf6 55.Rb5 Rxb5 56.Bxb5 Ke5 57.Be2 f5 58.Bd1 Kf6
59.Kd4 e5+ 60.Kd5 f4 61.g4 h5 62.Ke4  1-0

[Event "Munich op9293"]
[Site "Munich"]
[Date "1993.??.??"]
[Round "6"]
[White "Lentrodt, Thomas"]
[Black "Hoffmann, Michael"]
[Result "1/2-1/2"]
[WhiteElo "2350"]
[BlackElo "2425"]

1.Nf3 c5 2.c4 Nf6 3.Nc3 b6 4.g3 Bb7 5.Bg2 e6 6.O-O d6 7.d4 cxd4 8.Qxd4 a6
9.b3 Nbd7 10.Bb2 Be7 11.Rad1 O-O 12.e4 b5 13.cxb5 axb5 14.Rfe1 e5 15.Qb4 Bc6
16.Nd5 Bxd5 17.exd5 Rxa2 18.Rd2 Qa5 19.Qxa5 Rxa5 20.Nd4 exd4 21.Rxe7 Ra2
22.Ree2 Re8 23.Rxe8+ Nxe8 24.Bf1 Ne5 25.Kg2 Nf6 26.Bxb5 g5 27.Bc1 Ra1 28.Bb2 Ra2
29.Bc1 Ra1 30.Rc2 Ne4 31.Bb2 Rb1 32.Bxd4 Rxb3 33.Rb2 Rxb2 34.Bxb2 Kf8 35.Bxe5 dxe5
36.Bd3 Nf6 37.d6 Ke8 38.Bf5 h6 39.Kf3 Kd8 40.Ke3 Ne8 41.Ke4 Nxd6+ 42.Kxe5 Ke7
43.Bd3 f6+  1/2-1/2

[Event "Munich op9293"]
[Site "Munich"]
[Date "1993.??.??"]
[Round "8"]
[White "Boensch, Uwe"]
[Black "Ftacnik, Lubomir"]
[Result "1/2-1/2"]
[WhiteElo "2490"]
[BlackElo "2535"]

1.c4 Nf6 2.Nf3 c5 3.Nc3 e6 4.d4 cxd4 5.Nxd4 Bb4 6.g3 O-O 7.Bg2 d5 8.Qb3 Bxc3+
9.Qxc3 e5 10.Nb3 d4 11.Qa5 Qe8 12.Bg5 Nc6 13.Qa3 Qe6 14.Rc1 b6 15.O-O Bb7
16.Bxf6 Qxf6 17.c5 Rfc8 18.Nd2 Nd8 19.Ne4 Qe6 20.b4 Rc7 21.Qa4 h6 22.Rc2 f5
23.Nd6 Bxg2 24.Kxg2 bxc5 25.bxc5 Nf7  1/2-1/2

[Event "Munich op9293"]
[Site "Munich"]
[Date "1993.??.??"]
[Round "8"]
[White "Smejkal, Jan"]
[Black "Hoffmann, Michael"]
[Result "1-0"]
[WhiteElo "2525"]
[BlackElo "2425"]

1.Nf3 c5 2.c4 Nf6 3.Nc3 e6 4.g3 b6 5.Bg2 Bb7 6.O-O d6 7.Re1 Be7 8.e4 a6 9.d4 cxd4
10.Nxd4 Qc7 11.Be3 Nbd7 12.Rc1 O-O 13.f4 Rfe8 14.g4 Nc5 15.Bf2 d5 16.exd5 exd5
17.Nxd5 Bxd5 18.cxd5 Qxf4 19.Bg3 Qxg4 20.d6 Qxd1 21.Rcxd1 Bf8 22.Bxa8 Rxa8
23.b4 Ncd7 24.Nc6  1-0

[Event "Maccabiah op"]
[Site "Netanya"]
[Date "1993.??.??"]
[Round "6"]
[White "Bruk, Ofer"]
[Black "Bursztyn, Alexander"]
[Result "1-0"]
[WhiteElo "2440"]
[BlackElo "2260"]

1.Nf3 Nf6 2.c4 c5 3.Nc3 b6 4.g3 Bb7 5.Bg2 e6 6.O-O Be7 7.d4 cxd4 8.Qxd4 d6
9.Bg5 a6 10.Bxf6 Bxf6 11.Qf4 Qc7 12.Rfd1 Be7 13.Ng5 O-O 14.Bxb7 Qxb7 15.Nge4 b5
16.Nxd6 Bxd6 17.Rxd6 bxc4 18.Qxc4 Qxb2 19.Rad1 Qb7 20.Qc5 Qe7 21.Qb6 a5 22.Rd8 Na6
23.Rxa8 Rxa8 24.Qxa5 h6 25.Nb5 Qb4 26.Rd8+ Rxd8 27.Qxd8+ Kh7 28.Qd3+ Kg8
29.Nd6 Qa4 30.Nc8 Qa5 31.Ne7+ Kf8 32.Nc6  1-0

[Event "Neuwied op"]
[Site "Neuwied"]
[Date "1993.??.??"]
[Round "2"]
[White "Kostadinov, Atanas"]
[Black "Martynov, Pavel"]
[Result "0-1"]
[WhiteElo "2245"]
[BlackElo "2425"]

1.Nf3 Nf6 2.c4 c5 3.Nc3 d5 4.cxd5 Nxd5 5.e4 Nxc3 6.dxc3 Qxd1+ 7.Kxd1 Nc6
8.Be3 e6 9.Bb5 Bd7 10.Ke2 a6 11.Bd3 Be7 12.Rhd1 h6 13.e5 O-O-O 14.a3 g5 15.h3 Nb8
16.Be4 Bb5+ 17.Ke1 Rdg8 18.b4 g4 19.hxg4 Rxg4 20.Nd2 Bc6 21.Bf3 Bxf3 22.gxf3 Rg1+
23.Ke2 Rxd1 24.Rxd1 Kd7 25.f4 f5 26.Kf3 Kc6 27.Rg1 Kd5 28.Ke2 h5  0-1

[Event "New York Marshall"]
[Site "New York"]
[Date "1993.??.??"]
[Round "?"]
[White "Ginsburg, Mark"]
[Black "Vulicevic, Nenad"]
[Result "1-0"]
[WhiteElo "2405"]
[BlackElo "2320"]

1.c4 Nf6 2.Nc3 c5 3.Nf3 e6 4.g3 b6 5.Bg2 Bb7 6.O-O Be7 7.b3 O-O 8.d4 cxd4
9.Qxd4 d6 10.Ba3 d5 11.Bxe7 Qxe7 12.cxd5 Nxd5 13.Nxd5 Bxd5 14.Rac1 Nc6 15.Qf4 Qb4
16.Rfd1 Rac8 17.Qe3 Qa3 18.Ng5 h6 19.Nxf7 Bxg2 20.Nxh6+ Kh7 21.Kxg2 gxh6
22.Rd7+  1-0

[Event "New York op"]
[Site "New York"]
[Date "1993.??.??"]
[Round "2"]
[White "Yermolinsky, Alex"]
[Black "Urday, Henry"]
[Result "1-0"]
[WhiteElo "2615"]
[BlackElo "2465"]

1.Nf3 Nf6 2.c4 e6 3.Nc3 c5 4.g3 b6 5.e4 Bb7 6.d3 Be7 7.Bg2 O-O 8.O-O Nc6
9.d4 cxd4 10.Nxd4 Nxd4 11.Qxd4 d6 12.b3 a6 13.Bb2 Qc7 14.Rac1 Rab8 15.Rfe1 Rfd8
16.Nd1 Bc6 17.Ne3 Qb7 18.Nc2 Qa8 19.Qe3 Rdc8 20.Nd4 Bb7 21.a4 Nd7 22.Rc2 Nc5
23.Rce2 Bf8 24.h3 Rc7 25.Kh2 Rbc8 26.f4 Re8 27.Qc3 Rcc8 28.Qc2 Nd7 29.Qd1 Nf6
30.e5 Bxg2 31.exf6 Bb7 32.fxg7 Bxg7 33.Re3 Kh8 34.Qa1 e5 35.Nf5 Re6 36.fxe5 d5
37.Nd6 dxc4 38.bxc4 Rf8 39.Qd1 Bc6 40.Bd4 Qd8 41.Qg4 Qd7 42.a5 bxa5 43.c5 a4
44.Rf1 Bd5 45.Re2 Qc7 46.Ref2 Rg6 47.Qd1 Bb3 48.Qd3 Qd7 49.Qxa6 Bd5 50.Qd3 Kg8
51.g4 Qc6 52.Nf5 Re6 53.Qe3 Kh8 54.Nxg7 Kxg7 55.Rf6 Be4 56.h4 Qd5 57.h5 Rxf6
58.Rxf6 Rd8 59.Qh6+ Kh8 60.Rxf7  1-0

[Event "Nis op"]
[Site "Nis"]
[Date "1993.??.??"]
[Round "?"]
[White "Cabrilo, Goran"]
[Black "Pikula, Dejan"]
[Result "1-0"]
[WhiteElo "2505"]
[BlackElo "2335"]

1.Nf3 Nf6 2.c4 c5 3.Nc3 b6 4.e3 e6 5.d4 Bb7 6.d5 exd5 7.cxd5 d6 8.e4 a6 9.a4 g6
10.Be2 Bg7 11.O-O O-O 12.Nd2 Re8 13.f4 Nbd7 14.Kh1 Qb8 15.Ra3 Nf8 16.Rb3 Qc7
17.Bf3 c4 18.Rb4 b5 19.axb5 axb5 20.Rxb5 Ba6 21.e5 dxe5 22.d6 Qd7 23.fxe5 Ne4
24.Ndxe4 Bxb5 25.Nc5 Qa7 26.Bxa8 Rxa8 27.Qd5 Be8 28.Be3 Qa5 29.Qxc4 Rc8 30.b4 Qa3
31.Bc1 Qa7 32.Nd5 Kh8 33.Ne7 Rb8 34.Qh4 Qa1 35.Qf2 Qxe5 36.Bf4 Qc3 37.d7 Nxd7
38.Nxd7 Rb7 39.Nd5 Qc6 40.N7b6  1-0

[Event "Odorheiu Secuiesc-B"]
[Site "Odorheiu Secuiesc"]
[Date "1993.??.??"]
[Round "9"]
[White "Glodeanu, Ion"]
[Black "Ionescu, Constantin"]
[Result "1/2-1/2"]
[WhiteElo "2360"]
[BlackElo "2460"]

1.Nf3 c5 2.c4 Nf6 3.Nc3 e6 4.g3 b6 5.Bg2 Bb7 6.O-O Be7 7.d4 cxd4 8.Qxd4 d6
9.Rd1 a6 10.Bg5 Nbd7 11.Qd2 O-O 12.Bf4 Ne8 13.e4 Rc8 14.b3 Qc7 15.Rac1 Qb8
16.Qe2 Ne5 17.Be3 Nd7 18.Bf4 Nef6 19.Ne1 Rfd8 20.Rc2 Ne5  1/2-1/2

[Event "Odorheiu Secuiesc op"]
[Site "Odorheiu Secuiesc"]
[Date "1993.??.??"]
[Round "11"]
[White "Musat, Adrian"]
[Black "Stefanov, Parik"]
[Result "0-1"]
[WhiteElo "2275"]
[BlackElo "2355"]

1.Nf3 Nf6 2.c4 e6 3.Nc3 c5 4.g3 b6 5.Bg2 Bb7 6.d4 cxd4 7.Qxd4 Be7 8.O-O d6
9.Bg5 a6 10.Rfd1 Nbd7 11.Qd2 O-O 12.Bf4 Ne8 13.Rac1 Qc7 14.b3 Rd8 15.e4 Qb8
16.Qe2 Nef6 17.Ne1 Rfe8 18.h3 Bf8 19.Rc2 h6 20.Rcd2 Ne5 21.Nd3 Rc8 22.Rc2 Ng6
23.Be3 b5 24.cxb5 axb5 25.Nxb5 Nxe4 26.a4 Rxc2 27.Qxc2 Rc8 28.Qe2 d5 29.Rc1 Ba6
30.Bxe4 dxe4 31.Nc5 Bxc5 32.Bxc5 Bb7 33.b4 Ne5 34.Qe3 Nd3 35.Rd1 Bd5 36.Nc3 Nxb4
37.Bxb4 Qxb4 38.Nxd5 exd5 39.Qd4 Rc4 40.Qxd5 Qxa4 41.Qf5 Qxd1+  0-1

[Event "Odorheiu Secuiesc op"]
[Site "Odorheiu Secuiesc"]
[Date "1993.??.??"]
[Round "11"]
[White "Roizen, Nadejda"]
[Black "Vlad, Decebal"]
[Result "1/2-1/2"]
[WhiteElo "2205"]
[BlackElo "2405"]

1.Nf3 Nf6 2.c4 c5 3.Nc3 d5 4.cxd5 Nxd5 5.Nxd5 Qxd5 6.g3 e5 7.d3 Nc6 8.Bg2 Bg4
9.O-O Qd7 10.Be3 Bd6 11.Nd2 O-O 12.Ne4 Nd4 13.Bxd4 exd4 14.Rc1 Rac8 15.Nxd6 Qxd6
16.Bxb7 Rb8 17.Be4 Rxb2 18.Rc2 Rfb8 19.Qc1 Rxc2 20.Qxc2 Qe5 21.Rc1 Rc8 22.Bb7 Rc7
23.Bf3 Bxf3 24.exf3 g6 25.Kg2 Kg7 26.f4 Qd5+ 27.Kg1 h5 28.h4 Rc6 29.Qa4 a6
30.Qa5 Qf3 31.Rxc5 Rxc5 32.Qxc5 Qxd3 33.Qe5+ Kh7 34.Qd5 Kg8 35.Kg2 Qc3 36.f5 gxf5
37.Qxf5 Qc6+ 38.Kf1 Qc4+ 39.Ke1 Qc3+ 40.Ke2 Qb2+ 41.Kf1 Qa1+ 42.Kg2 Qxa2
43.Qg5+ Kf8  1/2-1/2

[Event "Pamplona9394"]
[Site "Pamplona"]
[Date "1993.??.??"]
[Round "7"]
[White "Greenfeld, Alon"]
[Black "Franco Ocampo, Zenon"]
[Result "1/2-1/2"]
[WhiteElo "2590"]
[BlackElo "2480"]

1.Nf3 c5 2.c4 Nf6 3.Nc3 d5 4.cxd5 Nxd5 5.d4 e6 6.e4 Nxc3 7.bxc3 cxd4 8.cxd4 Nc6
9.Bc4 b5 10.Be2 Bb4+ 11.Bd2 Bxd2+ 12.Qxd2 a6 13.a4 bxa4 14.O-O O-O 15.Rxa4 a5
16.Rb1 Bd7 17.Ra3 Qe7 18.Rba1 Rfd8 19.h4  1/2-1/2

[Event "Pardubice op"]
[Site "Pardubice"]
[Date "1993.??.??"]
[Round "5"]
[White "Vavra, Pavel"]
[Black "Jurka, Miroslav"]
[Result "1/2-1/2"]
[WhiteElo "2350"]
[BlackElo "2340"]

1.Nf3 c5 2.c4 Nf6 3.Nc3 e6 4.e3 b6 5.Be2 Bb7 6.O-O Be7 7.d4 cxd4 8.Nxd4 a6
9.b3 O-O 10.Bb2 d6 11.Bf3 Qc7 12.Rc1 Nbd7 13.Qe2 Rac8  1/2-1/2

[Event "Paris-ch"]
[Site "Paris"]
[Date "1993.??.??"]
[Round "2"]
[White "Nikcevic, Nebojsa"]
[Black "Derieux, Christian"]
[Result "1-0"]
[WhiteElo "2395"]
[BlackElo "2285"]

1.Nf3 Nf6 2.c4 c5 3.Nc3 d5 4.cxd5 Nxd5 5.e3 Nxc3 6.bxc3 g6 7.Bb5+ Nd7 8.Ba3 Qc7
9.d4 Bg7 10.Bxc5 O-O 11.Bxd7 Bxd7 12.O-O Rfe8 13.Qb3 b6 14.Ba3 h6 15.Rac1 Bc6
16.d5 Bb7 17.c4 Rad8 18.e4 e6 19.Bb2 Bxb2 20.Qxb2 exd5 21.exd5 Ba6 22.Qd4 Qd7
23.Nd2 b5 24.Ne4 Rxe4 25.Qxe4 bxc4 26.Rfd1 Qa4 27.h3 Bb5 28.Qe3 a6 29.Qxh6 Qxa2
30.Rd4 Qb2 31.Rh4 Rxd5 32.Re1 Rf5 33.Kh1 Rxf2 34.Rhe4  1-0

[Event "Paris-ch"]
[Site "Paris"]
[Date "1993.??.??"]
[Round "6"]
[White "Hartereau, Philippe"]
[Black "Fruteau, Sabine"]
[Result "1-0"]
[WhiteElo "2320"]
[BlackElo "2185"]

1.Nf3 Nf6 2.c4 e6 3.Nc3 c5 4.g3 Nc6 5.Bg2 d5 6.cxd5 Nxd5 7.d4 Be7 8.O-O O-O
9.e4 Nb6 10.d5 exd5 11.exd5 Nb4 12.Ne5 Bf5 13.a3 Nc2 14.Ra2 Bf6 15.f4 Nd4
16.b3 Nd7 17.g4 Bxe5 18.fxe5 Bg6 19.Bf4 Qb6 20.Rb2 Qa5 21.Na4 b5 22.Nxc5 Nxc5
23.Qxd4 Qxa3 24.b4 Nd3 25.Rd2 Rac8 26.Bg5 Rc4 27.Qe3 Rxg4 28.d6 Qxb4 29.d7 Qd4
30.Qxd4 Rxd4 31.d8=Q Rfxd8 32.Bxd8 Rxd8 33.Rfd1 Rd4 34.h3 Kf8 35.Bf1 Ke7
36.Bxd3 Bxd3 37.Rxd3 Rxd3 38.Rxd3 Ke6 39.Ra3 Kxe5 40.Rxa7 Ke6 41.Rb7 g5 42.Rxb5 f5
43.h4  1-0

[Event "Paris-ch"]
[Site "Paris"]
[Date "1993.??.??"]
[Round "7"]
[White "Dezan, Pierre"]
[Black "Roumegous, Etienne"]
[Result "1-0"]
[WhiteElo "2280"]
[BlackElo "2165"]

1.Nf3 Nf6 2.c4 c5 3.Nc3 g6 4.g3 Bg7 5.Bg2 d5 6.cxd5 Nxd5 7.O-O O-O 8.Nxd5 Qxd5
9.d3 Nc6 10.Be3 Qd6 11.Nd2 b6 12.Nc4 Qd7 13.a4 Rb8 14.Bf4 Rb7 15.a5 bxa5
16.Bxc6 Qxc6 17.Nxa5 Qd5 18.Nxb7 Qxb7 19.Be3 Bh3 20.Re1 Bxb2 21.Rb1 c4 22.Bd4  1-0

[Event "Podgorica"]
[Site "Podgorica"]
[Date "1993.??.??"]
[Round "6"]
[White "Makarov, Marat"]
[Black "Marinkovic, Ivan"]
[Result "1/2-1/2"]
[WhiteElo "2515"]
[BlackElo "2445"]

1.Nf3 Nf6 2.c4 c5 3.Nc3 b6 4.e4 Nc6 5.d4 cxd4 6.Nxd4 Bb7 7.Nxc6 Bxc6 8.Bd3 Qb8
9.Qe2 d6 10.O-O e6 11.b3 Be7 12.Ba3 O-O 13.Nd5 Bd8 14.Nb4 Bb7 15.Bb2 Nd7
16.Rad1 Bf6 17.Bxf6 Nxf6 18.Nc2 Qc7  1/2-1/2

[Event "Podgorica"]
[Site "Podgorica"]
[Date "1993.??.??"]
[Round "7"]
[White "Pavlovic, Milos"]
[Black "Makarov, Marat"]
[Result "1-0"]
[WhiteElo "2455"]
[BlackElo "2515"]

1.c4 Nf6 2.Nc3 c5 3.Nf3 e6 4.g3 Nc6 5.Bg2 d5 6.cxd5 Nxd5 7.O-O Be7 8.d4 O-O
9.Nxd5 exd5 10.Be3 c4 11.b3 cxb3 12.Qxb3 Na5 13.Qb1 b6 14.Ne5 f6 15.Nd3 Be6
16.Bd2 Nc4 17.Bb4 Bd6 18.Rc1 Rc8 19.e3 g5 20.a4 Kg7 21.h4 Rf7 22.Bxd6 Qxd6
23.Qb4 Rfc7 24.Rxc4  1-0

[Event "Polanica Zdroj op"]
[Site "Polanica Zdroj"]
[Date "1993.??.??"]
[Round "1"]
[White "Schmidt, Wlodzimierz"]
[Black "Protaziuk, Anna"]
[Result "1-0"]
[WhiteElo "2440"]
[BlackElo "2025"]

1.Nf3 Nf6 2.c4 c5 3.Nc3 d5 4.cxd5 Nxd5 5.d4 Nxc3 6.bxc3 g6 7.e4 Bg7 8.Rb1 O-O
9.Be2 Qa5 10.O-O Qxa2 11.Bf4 Qe6 12.Qd3 b6 13.d5 Qd7 14.e5 Rd8 15.Qe3 Ba6
16.c4 e6 17.Rfd1 exd5 18.Rxd5 Qe8 19.Rxd8 Qxd8 20.Qe4 Nd7 21.Rd1 Rc8 22.e6 Qe8
23.exd7 Qxe4 24.dxc8=Q+ Bxc8 25.Rd8+ Bf8 26.Bh6  1-0

[Event "Polanica Zdroj op"]
[Site "Polanica Zdroj"]
[Date "1993.??.??"]
[Round "3"]
[White "Murdzia, Piotr"]
[Black "Protaziuk, Grzegorz"]
[Result "1-0"]
[WhiteElo "2435"]
[BlackElo "2215"]

1.Nf3 Nf6 2.c4 c5 3.Nc3 d5 4.cxd5 Nxd5 5.d4 Nxc3 6.bxc3 g6 7.e3 Bg7 8.Be2 O-O
9.O-O Nc6 10.a4 cxd4 11.cxd4 b6 12.Ba3 Bb7 13.Rc1 Na5 14.Ne5 Bd5 15.Rc3 Rc8
16.Rxc8 Qxc8 17.Bxe7 Bxg2 18.Kxg2 Qb7+ 19.Nc6 Re8 20.Bf3 Nxc6 21.Ba3 Qd7
22.Qb3 Nb8 23.Qb5 Qd8 24.Rc1 Bf8 25.Bb2 Bd6 26.e4 Bf4 27.Rc2 a6 28.Qb3 Qg5+
29.Kf1 a5 30.Qxb6 Bxh2 31.Qb5 Qxb5+ 32.axb5 f6 33.e5 fxe5 34.Bd5+ Kg7 35.dxe5 Kh6
36.e6 Bd6 37.Rc4 Kg5 38.Bc3 Kf5 39.f3 g5 40.Re4 Bc7 41.Bb3 h5 42.Bc2 Bd6
43.Re2+ Kf4 44.Kg2  1-0

[Event "POR-chT"]
[Site "?"]
[Date "1993.??.??"]
[Round "2"]
[White "Pereira, Fernando"]
[Black "Santos, Luis"]
[Result "0-1"]
[WhiteElo "2275"]
[BlackElo "2385"]

1.Nf3 c5 2.c4 Nf6 3.Nc3 d5 4.cxd5 Nxd5 5.g3 Nc6 6.Bg2 Nc7 7.Qa4 Qd7 8.Qc4 e5
9.O-O Rb8 10.a3 Be7 11.b4 b5 12.Qe4 f5 13.Qe3 e4 14.Nxe4 fxe4 15.Qxe4 Bb7
16.bxc5 Ne6 17.Ne5 Nxe5 18.Qxe5 O-O 19.Bh3 Bd5 20.Rb1 Bf6 21.Qe3 Bd4 22.Qd3 Bc4
23.Qe4 Nxc5 24.Qh4 Qd8 25.Qg4 Be6 26.Qh5 Bxh3 27.Qxh3 Bxf2+ 28.Rxf2 Rxf2
29.Kxf2 Qd4+ 30.e3 Rf8+ 31.Ke1 Nd3+  0-1

[Event "POR-chT"]
[Site "?"]
[Date "1993.??.??"]
[Round "10"]
[White "Neto, Horacio"]
[Black "Santos, Luis"]
[Result "0-1"]
[WhiteElo "2175"]
[BlackElo "2385"]

1.Nf3 Nf6 2.c4 c5 3.Nc3 d5 4.cxd5 Nxd5 5.d4 Nxc3 6.bxc3 g6 7.e3 Bg7 8.Bb5+ Bd7
9.Bd3 O-O 10.O-O Bc6 11.Qe2 Nd7 12.e4 cxd4 13.cxd4 Nc5 14.Bc2 Bxd4 15.Nxd4 Qxd4
16.Be3 Qe5 17.f4 Qc3 18.Rac1 Bb5 19.Qe1 Qc4 20.Rf3 Nxe4 21.Rh3 Bd7 22.Rh6 Rac8
23.Qh4 Qe2 24.Bd4 Rxc2 25.Rxc2 Qd1+  0-1

[Event "Ptuj"]
[Site "Ptuj"]
[Date "1993.??.??"]
[Round "?"]
[White "Polajzer, Danilo"]
[Black "Mikhalchishin, Adrian"]
[Result "1/2-1/2"]
[WhiteElo "2450"]
[BlackElo "2520"]

1.Nf3 Nf6 2.c4 c5 3.Nc3 g6 4.d4 cxd4 5.Nxd4 Bg7 6.g3 O-O 7.Bg2 Nc6 8.O-O Ng4
9.e3 Nxd4 10.exd4 Nh6 11.g4 d6 12.h3 f5 13.g5 Nf7 14.h4 e5 15.dxe5 dxe5 16.Qxd8 Rxd8
17.Bd5 Rb8  1/2-1/2

[Event "Keres mem"]
[Site "Rakvere"]
[Date "1993.??.??"]
[Round "9"]
[White "Hodgson, Julian M"]
[Black "Yermolinsky, Alex"]
[Result "1/2-1/2"]
[WhiteElo "2625"]
[BlackElo "2605"]

1.c4 c5 2.Nf3 Nf6 3.Nc3 e6 4.g3 b6 5.Bg2 Bb7 6.O-O Be7 7.d4 cxd4 8.Qxd4 d6
9.b3 Nbd7 10.Rd1 a6 11.e4 Qb8 12.Ba3 Nc5 13.e5 dxe5 14.Qxe5 Ncd7 15.Qxb8+ Rxb8
16.Bxe7  1/2-1/2

[Event "Reykjavik op"]
[Site "Reykjavik"]
[Date "1993.??.??"]
[Round "4"]
[White "Stangl, Markus"]
[Black "Vidarsson, Jon G"]
[Result "1-0"]
[WhiteElo "2505"]
[BlackElo "2325"]

1.Nf3 c5 2.c4 Nf6 3.Nc3 g6 4.d4 cxd4 5.Nxd4 Bg7 6.e4 d6 7.Be2 O-O 8.O-O Nc6
9.Nc2 Be6 10.Be3 Ne5 11.b3 Bd7 12.f3 Qa5 13.Qd2 Kh8 14.Rac1 Rfc8 15.Rfd1 Be8
16.Qe1 Kg8 17.b4 Qc7 18.Na3 Qb8 19.Qf2 Bf8 20.g4 e6 21.g5 Nfd7 22.f4 Nc6
23.Nc2 a6 24.a3 Bg7 25.Qe1 Ne7 26.Nd4 e5 27.Nf3 exf4 28.Bxf4 Ne5 29.Nxe5 Bxe5
30.Qg3 b5 31.Bxe5 dxe5 32.c5 Qc7 33.Rd6 Bd7 34.Qxe5 Be6 35.Rcd1 Nc6 36.Qf6 Ra7
37.Bxb5 axb5 38.Nxb5 Qb8  1-0

[Event "ISD-FRA"]
[Site "Reykjavik"]
[Date "1993.??.??"]
[Round "8"]
[White "Renet, Olivier"]
[Black "Hardarson, Robert"]
[Result "1-0"]
[WhiteElo "2535"]
[BlackElo "2335"]

1.c4 c5 2.Nf3 Nf6 3.Nc3 g6 4.d4 cxd4 5.Nxd4 Bg7 6.e4 O-O 7.Be2 Nc6 8.Be3 b6
9.O-O Bb7 10.Rc1 Rc8 11.b3 d6 12.Nxc6 Bxc6 13.f3 Qd7 14.Qd2 Rfe8 15.Rfd1 Qb7
16.Bf1 Nd7 17.Nd5 Nc5 18.Qf2 Bd7 19.Qh4 Be6 20.Bg5 f6 21.Be3 Bf7 22.Rc2 g5
23.Qf2 Bg6 24.Rcd2 h6 25.Bd4 Rcd8 26.Ne3 Qd7 27.Ba1 h5 28.b4 Ne6 29.Nf5 Bf8
30.c5 bxc5 31.bxc5 Ng7 32.Ne3 Qc6 33.cxd6 Rxd6 34.Rxd6 exd6 35.Nd5 Be7 36.Bxf6  1-0

[Event "Rostov op"]
[Site "Rostov"]
[Date "1993.??.??"]
[Round "?"]
[White "Lukin, Andrei M"]
[Black "Yemelin, Vasily"]
[Result "1/2-1/2"]
[WhiteElo "2445"]
[BlackElo "2345"]

1.c4 Nf6 2.Nc3 c5 3.Nf3 e6 4.g3 b6 5.Bg2 Bb7 6.O-O Nc6 7.e3 Be7 8.b3 O-O
9.Bb2 Rc8 10.Qe2 d5 11.d3 Rc7 12.Rfd1 Rd7 13.cxd5 Nxd5 14.Nxd5 Rxd5 15.d4 Bf6
16.dxc5 Bxb2 17.Rxd5 Qxd5 18.Qxb2 Qxc5 19.Nd4 Qe5 20.Rc1 Nxd4 21.Qxd4 Qxd4
22.exd4  1/2-1/2